| 000 | 00648nam a22001817a 4500 | ||
|---|---|---|---|
| 020 | _qHard Cover. | ||
| 082 | _a330 | ||
| 100 | _aMuhammad Hamza Liaqat | ||
| 245 |
_aExamining the Wage Differentials in Public and Private Sector of Pakistan / _cMuhammad Hamza Liaqat, Manahil Shabbir Khan and Raafiah Adil |
||
| 260 |
_aIslamabad: _bS3H - NUST, _c2019. |
||
| 300 |
_a44 p. : _bill. ; _c30cm. |
||
| 563 | _aHB | ||
| 650 |
_aEconomics BS-Project Report. _927430 |
||
| 700 |
_aDr. Ather Maqsood. _927432 |
||
| 856 | _uhttp://10.250.8.41:8080/xmlui/handle/123456789/5399 | ||
| 942 |
_2ddc _cPR |
||
| 999 |
_c533502 _d533502 |
||